Anaeróbne fotochemické reakcie antracénsulfónov

Uložené v:
Podrobná bibliografia
Hlavný autor: Follrichová, Ivona (Autor)
Médium: Rukopis Kniha
Jazyk:Slovak
Vydavateľské údaje: Bratislava : STU v Bratislave ChtF, 1999
Vydanie:Obháj.: 7.6.1999
Tagy: Pridať tag
Žiadne tagy, Buďte prvý, kto otaguje tento záznam!

MARC

LEADER 00000ntm a22000003a 4500
001 stu50104
005 20150617225659.2
008 990701s1999------------------------slo-d
040 |a STU  |b slo 
041 0 |a slo 
100 1 |a Follrichová, Ivona  |4 aut 
245 1 |a Anaeróbne fotochemické reakcie antracénsulfónov 
250 |a Obháj.: 7.6.1999 
260 |a Bratislava :  |b STU v Bratislave ChtF,  |c 1999 
300 |a 60 s 
500 |a Tab.,grafy,lit.Zameranie: Polygrafia a fotochémia 
996 |b 284C008564  |c C*D12828  |l CCI  |s A  |a 24  |w stu50104_0001